000 00566nam a2200205Ia 4500
005 20250508151555.0
008 008 250505s9999 xx 000 0 eng d
037 _aTextual
040 _aFEDL
_beng
_cFEDL
041 _aeng
_2eng
084 _a301, GRE
_qFEDL
100 _aGreer Scott A.
_9759538
245 0 _aSocial organization
260 _aNew York, USA
_bDoubleday and Company
_c1955
300 _ax,68p
490 _aDoubleday short studies in sociology
650 _aSociology
942 _cTEXL
_h301, GRE
999 _c1330713
_d1330713